| 000 | 00809nam a2200253 i 4500 | ||
|---|---|---|---|
| 001 | 181435 | ||
| 003 | ES-MaACL | ||
| 005 | 20251015063153.0 | ||
| 008 | 130116s1998 sp |||| | spa d | ||
| 020 | _a84-406-8699-4 | ||
| 080 | _a003(091) | ||
| 100 | 1 |
_aJean, Georges, _d1920- _9152079 |
|
| 245 | 1 | 3 |
_aLa escritura _b: memoria de la humanidad / _cGeorges Jean ; [traducción: Enrique Sánchez Hormigo]. |
| 250 | _a1ª ed. | ||
| 260 |
_aBarcelona : _bEdiciones B, _c1998. |
||
| 300 |
_a224 p. : _bil. ; _c18 cm. |
||
| 490 | 1 | _aClaves | |
| 650 | 4 |
_aEscritura- _xHistoria. _912402 |
|
| 700 | 1 |
_aSánchez Hormigo, Enrique. _9152080 |
|
| 830 | 0 |
_aClaves _9191462 |
|
| 852 |
_aES-MaACL _jA-12455 _9188336 _bR.147421 _cDEPO1 _dOlim: N-5461 |
||
| 942 |
_2udc _cMONOGRAFIA |
||
| 999 |
_c181435 _d181435 |
||